Дело о службе отставного капельдинера Таишева

Доступно только в Электронных читальных залах Найти на картеНа карте
RUSMARC
00003975nmc2a22000003x 450
001ef2d70b8-d446-4fc1-9b4e-df232be071ba
00520181003154300.0
100##$a20161212l18131814k l0rusy0189 ca
1010#$arus
102##$aRU
2001#$aДело о службе отставного капельдинера Таишева
$j30 сентября 1813 г. - 3 сентября 1814 г.
251##$cДело
300##$aДело
300##$aОриг. заголовок дела: Дело об уволенном капельдинере Тихоне Таищеве, из какого он звания. 30 сентября 1813 г. - 3 сентября 1814 г
801#0$aRU
$bРГИА
$c20161212
$gRCR
801#1$aRU
$bГлавНИВЦ
$c20161212
$2rusmarc
801#2$aRU
$bПБ им. Б.Н. Ельцина
$c20181003
$gRCR
$2rusmarc
850##$aРГИА
852##$aРГИА
$eФедеральное казенное учреждение "Российский государственный исторический архив" (РГИА)
$j1168
937##$hРГИА
$d12235563
$aASBIBLIO_SCAN
462#0$1001dd3991dc-24e1-42ec-8838-ca4255420416
$12001
$a1746-1850 гг.
$1251
$cОпись
$1852
$j1
461#0$10019264ebf8-de62-4f1a-9eb4-9f22098dbbd5
$12001
$aДирекция императорских театров МИДв
$1251
$cФонд
$1852
$j497
215##$a9 л.
$d36,5х26 см
371##$aДокумент не является опубликованным и широко распространяемым
105##$ay###
1222#$ad
5171#$aДело об уволенном капельдинере Тихоне Таищеве, из какого он звания. 30 сентября 1813 г. - 3 сентября 1814 г
035##$aef2d70b8-d446-4fc1-9b4e-df232be071ba
856##$uhttp://readingroom.main.prlib.ru/item.aspx?id_node=n118851214&mode=full
Формат отображения